banner-ar

الاصول العامة فى الجغرافية المناخية / (Record no. 66663)

MARC details
000 -الفاتح
حقل البيانات ثابتة الطول 00843nam a22001817a 4500
005 - وقت وتاريخ اخر تعامل مع التسجيلة
رقم الضبط 20240530110932.0
008 - عناصر البيانات ثابتة الطول - معلومات عامة
حقل البيانات ثابتة الطول 220221s2006 ua a g b 000 0 ara d
040 ## - مصدر الفهرسة
وكالة الفهرسة الأصلية EG-CaGPL
وكالة النسخ EG-CaGPL
082 04 - رقم تصنيف ديوى العشرى
رقم الطبعة 21
رقم التصنيف 910.02 /
رقم المادة ف ا
100 0# - المدخل الرئيسى - إسم شخصى
الإسم الشخصى فتحى عبدالعزيز ابوراضى
245 10 - بيان العنوان
العنوان الاصول العامة فى الجغرافية المناخية /
بيان المسئوليه,etc فتحى عبدالعزيز ابوراضى .
رقم الجزء/قسم العمل الجزء الاول :
اسم جزء/قسم العمل مبادئ واسس نظرية .
رقم الجزء/قسم العمل الجزء الثانى :
اسم جزء/قسم العمل المناخ التفصيلى والتطبيقى .
260 ## - PUBLICATION, DISTRIBUTION, ETC. (IMPRINT)
تاريخ النشر أو التوزيع 2006
300 ## - الوصف المادى
التعداد 2 جزء ؛
أبعاد الوعاء 24 سم.
650 07 - المدخل الاضافى بالموضوع-مصطلح موضوعى
مصطلح موضوعي الجغرافية الطبيعية
مصدر الرأس أو المصطلح qrmak
650 07 - المدخل الاضافى بالموضوع-مصطلح موضوعى
مصطلح موضوعي الجغرافية المناخية
942 ## - عناصر المدخل الإضافي( كوها)
مصدر التصنيف او مخطط الترفيف Dewey Decimal Classification
Koha [default] item type كتاب
260 ## - PUBLICATION, DISTRIBUTION, ETC. (IMPRINT)
-- الاسكندرية :
-- دار المعرفة الجامعية،
Holdings
حالة التراجع حالة الفقد حالة تلف ليس للاعارة المكان المؤقت الموقع الحالى موقع الترفيف تاريخ الاكتساب اجمالي اﻻعارات رقم الطلب الباركود تاريخ اخر مشاهدة تاريخ تفعيل السعر نوع وعاء كوها
        مكتبة القاهرة الكبرى مكتبة القاهرة الكبرى ق الرئيسية_التاريخ والجغرافيا_ك عربى 09/06/2022   910.02 / ف ا 168398 09/06/2022 09/06/2022 كتاب
        مكتبة القاهرة الكبرى مكتبة القاهرة الكبرى ق الرئيسية_التاريخ والجغرافيا_ك عربى 09/06/2022   910.02 / ف ا 168399 09/06/2022 09/06/2022 كتاب

Powered By

EGPV